Seeking Meaning : A Process Approach to Library and Information Services /

Guardat en:
Dades bibliogràfiques
Autor principal: Kuhlthau, Carol Collier (autor)
Format: Llibre
Idioma:anglès
Publicat: Westport, EUA : Ablex, 1992, c1992
Matèries:
Etiquetes: Afegir etiqueta
Sense etiquetes, Sigues el primer a etiquetar aquest registre!

MARC

LEADER 00000nam^a2200000^a^4500
001 000154778
005 20250521000000.0
009 20260310100405.04
020 |a 1-56750-019-6 
037 |a Acervo ITESO - Biblioteca 
041 |a ING 
082 |a 025. 52  |b KUH 
100 |a Kuhlthau, Carol Collier  |e (autor) 
245 1 0 |a Seeking Meaning :  |b A Process Approach to Library and Information Services /  |c C.C. Kuhlthau. 
264 4 |a Westport, EUA :  |b Ablex,  |c 1992, c1992 
300 |a XXVI, 199 p. 
336 |a texto  |b txt  |2 rdacontenido 
337 |a sin mediación  |b n  |2 rdamedio 
338 |a volumen  |b nc  |2 rdasoporte 
649 |a XX 
650 |a Información 
650 |a Servicios de Referencia 
650 |a Bases de Datos -  |x Administración 
650 |a Internet 
650 |a Tecnologías de Comunicación e Información 
650 |a Sistemas de Información 
650 |a Informática 
650 |a Computadoras en la Educación 
650 |a Documentación 
650 |a Biblioteconomía 
910 |a Fondo General 
920 |a Impresos - Libros 
930 |a Colección General 
905 |a 101 
901 |a 0500121916  |b IT1  |c ACC  |u 20250521 
902 |a https://opac.biblio.iteso.mx/vufind/Record/000154778